000 00300nam a2200097 a 4500
005 20201002045931.0
008 150205s1995 000 spa d
245 0 _a"La Economía Dominicana en el Nuevo Entorno Internacional".
260 _aSanto Domingo, República Dominicana,
_c1995.
999 _c44655
_d44655
040 _aDO-SdBNP